|
|
|
|
| LEADER |
00000nlm0a2200000 4500 |
| 001 |
646537 |
| 005 |
20240221104625.0 |
| 029 |
1 |
0 |
|a RU
|b 2442841
|c Пат.
|d МПК C 23 C 4/02
|d МПК C 21 D 1/04
|
| 035 |
|
|
|a (RuTPU)RU\TPU\network\11673
|
| 035 |
|
|
|a RU\TPU\network\11397
|
| 039 |
0 |
|
|a RU
|b 2010121657/02
|c 20100527
|
| 090 |
|
|
|a 646537
|
| 100 |
|
|
|a 20160303j20120220k y0rusy50 ca
|
| 101 |
0 |
|
|a rus
|
| 102 |
|
|
|a RU
|
| 105 |
|
|
|a a k 000zy
|
| 135 |
|
|
|a drgn ---uucaa
|
| 181 |
|
0 |
|a i
|
| 182 |
|
0 |
|a b
|
| 200 |
1 |
|
|a Способ подготовки поверхности детали с использованием ультразвуковых колебаний
|f Ж. Г. Ковалевская [и др.]
|g Национальный исследовательский Томский политехнический университет (ТПУ)
|
| 203 |
|
|
|a Текст
|c электронный
|
| 300 |
|
|
|a опубл. 20.02.12
|
| 330 |
|
|
|a Изобретение относится к области технологии нанесения высокоскоростных газотермических покрытий, а именно к подготовке поверхности детали перед нанесением газотермических покрытий.
|
| 610 |
1 |
|
|a патенты
|
| 610 |
1 |
|
|a труды учёных ТПУ
|
| 610 |
1 |
|
|a электронный ресурс
|
| 610 |
1 |
|
|a изобретения
|
| 610 |
1 |
|
|a поверхности
|
| 610 |
1 |
|
|a детали
|
| 610 |
1 |
|
|a ультразвуковые колебания
|
| 610 |
1 |
|
|a газотермические покрытия
|
| 701 |
|
1 |
|a Ковалевская
|b Ж. Г.
|c специалист в области материаловедения
|c профессор Томского политехнического университета, доктор технических наук
|c научный сотрудник Института физики прочности и материаловедения СО РАН
|f 1967-
|g Жанна Геннадьевна
|3 (RuTPU)RU\TPU\pers\25820
|9 11693
|
| 701 |
|
1 |
|a Клименов
|b В. А.
|c специалист в области неразрушающего контроля
|c профессор Томского политехнического университета, доктор технических наук
|c проректор-директор Института неразрушающего контроля Томского политехнического университета
|f 1951-
|g Василий Александрович
|3 (RuTPU)RU\TPU\pers\27985
|9 12975
|
| 701 |
|
1 |
|a Зайцев
|b К. В.
|c специалист в области машиностроения
|c доцент Юргинского технологического института (филиала) Томского политехнического университета, кандидат технических наук
|f 1981-
|g Константин Викторович
|3 (RuTPU)RU\TPU\pers\24225
|9 10712
|
| 701 |
|
1 |
|a Толмачев
|b А. И.
|g Алексей Иванович
|
| 701 |
|
1 |
|a Борозна
|b В. Ю.
|c специалист в области технологии машиностроения
|c старший преподаватель Юргинского технологического института (филиала) Томского политехнического университета
|f 1981-
|g Вячеслав Юрьевич
|3 (RuTPU)RU\TPU\pers\27413
|9 12733
|
| 701 |
|
1 |
|a Перевалова
|b О. Б.
|g Ольга Борисовна
|
| 712 |
0 |
2 |
|a Национальный исследовательский Томский политехнический университет (ТПУ)
|c (2009- )
|3 (RuTPU)RU\TPU\col\15902
|
| 801 |
|
1 |
|a RU
|b 63413507
|c 20120201
|
| 801 |
|
2 |
|a RU
|b 63413507
|c 20160303
|g RCR
|
| 856 |
4 |
|
|u http://www.fips.ru/Archive/PAT/2012FULL/2012.02.20/DOC/RUNWC2/000/000/002/442/841/document.pdf
|
| 942 |
|
|
|c CF
|